000 00635nam a2200205 a 4500
005 20240925064113.0
008 991125s1973 ag 000 0 spa u
035 _aUPN01000009605
049 _aCG
050 4 _aBF723 C43
_bB528
100 1 _aBlackham, Garth J.
245 1 0 _aCómo modificar la conducta infantil /
_cGarth J. Blackham, Adolph Silberman ; tr. Juan Jorge Thomas.
260 _aBuenos Aires :
_bKapelusz,
_c1973.
300 _a229 p.
440 0 _aBiblioteca de cultura pedagógica ;
_v125
650 4 _aCarácter
_96650
650 4 _aNiño, Estudio del
_9221
700 1 _aSilberman, Adolph,
_ecoaut.
905 _aLibro
999 _c9605
_d9605